001880000a220007300045001000018000002450046000183000037000647730013001011 aMiller, Randy10aBuilding homes and hope in brazilian slum aNúm 44 (1994), Páginas 11-130 tTogether